[Event "San Sebastian Gros op 26th"]
[Site "San Sebastian"]
[Date "2016.06.24"]
[Round "1"]
[White "Candano Gonzalez, Alvaro"]
[Black "Fantinel, Thibault"]
[Result "0-1"]
[WhiteElo "1735"]
[BlackElo "2382"]
[PlyCount "38"]
[EventDate "2016.06.24"]
[EventType "swiss"]
[EventRounds "9"]
[EventCountry "ESP"]
[SourceTitle "EXT 2017"]
[Source "ChessBase"]
[SourceDate "2016.10.25"]
[SourceVersion "1"]
[SourceVersionDate "2016.10.25"]
[SourceQuality "1"]

1. e4 c5 2. d4 cxd4 3. c3 Nf6 4. e5 Nd5 5. Qxd4 e6 6. Nf3 Nc6 7. Qe4 f5 8. exf6 Nxf6 9. Qc2 d5 10. Be2 Bd6 11. Bg5 0-0 12. Nbd2 Qc7 13. h3 e5 14. Nb3 e4 15. Nfd4 Qf7 16. 0-0 Qg6 17. h4 h6 18. f4 hxg5 19. f5 Qh6 0-1

[Event "Gibraltar Masters 10th"]
[Site "Caleta"]
[Date "2012.01.28"]
[Round "5"]
[White "Benmesbah, Natacha"]
[Black "Candano Gonzalez, Alvaro"]
[Result "1-0"]
[WhiteElo "2228"]
[BlackElo "1647"]
[PlyCount "41"]
[EventDate "2012.01.24"]
[EventType "swiss"]
[EventRounds "10"]
[EventCountry "GGB"]
[SourceTitle "CBM 147"]
[Source "ChessBase"]
[SourceDate "2012.03.16"]
[SourceVersion "1"]
[SourceVersionDate "2012.03.16"]
[SourceQuality "1"]

1. e4 g6 2. d4 Bg7 3. Nc3 c5 4. d5 d6 5. h3 Nf6 6. Nf3 0-0 7. Bd3 a6 8. a4 Nfd7 9. 0-0 Ne5 10. Nd2 Nxd3 11. cxd3 f5 12. f4 Qe8 13. a5 Bd7 14. Nc4 Bb5 15. Re1 Nd7 16. exf5 Rxf5 17. Nxd6 Qf8 18. Nxf5 gxf5 19. Nxb5 axb5 20. Qe2 Bf6 21. Qe6+ 1-0